000 00783nas a2200253 4500
001 BR2013007282
003 BR-BrBNA
005 20231205122930.0
007 ta
008 230509b bl.|||p| |||| 00| 00por d
040 _aBR-BrBNA
_bpor
_cBiblioteca Nacional de Agricultura
041 _a(En)
072 _aL40
100 1 _aMoshrefi, M.
100 1 _aBabaci, H.
100 1 _aNematollashi-Mahani, S.N.
245 1 _aIsolation and characterization of mesenchymal cells isolated from caprine umbilical cord matrix
650 _aCAPRINO
650 _aANATOMIA ANIMAL
650 _aFOSFATASE
773 0 _tAnimal Reproduction (Brazil)
_xISSN 1806-9614
_g(Oct-Dec 2010), v. 7(4) p. 367-372
_wBR2013007282
909 _a202311
_bLúcia
_c55
_dLúcia Elande
942 _2AGRIS
_n0
_cANA
999 _c231326
_d231326